<?xml version="1.0" encoding="UTF-8"?>
<record
    xmlns:xsi="http://www.w3.org/2001/XMLSchema-instance"
    xsi:schemaLocation="http://www.loc.gov/MARC21/slim http://www.loc.gov/standards/marcxml/schema/MARC21slim.xsd"
    xmlns="http://www.loc.gov/MARC21/slim">

  <leader>01335nas a22003137a 4500</leader>
  <controlfield tag="001">5150386</controlfield>
  <controlfield tag="003">UA-OsUOA</controlfield>
  <controlfield tag="005">20230612114632.0</controlfield>
  <controlfield tag="007">ta</controlfield>
  <controlfield tag="008">200320c1999    ru br|p| |||| 00| c rus d</controlfield>
  <datafield tag="022" ind1=" " ind2=" ">
    <subfield code="a">2364145</subfield>
  </datafield>
  <datafield tag="040" ind1=" " ind2=" ">
    <subfield code="a">UA-OsUOA</subfield>
    <subfield code="b">rus</subfield>
    <subfield code="c">UA-OsUOA</subfield>
    <subfield code="d">UA-OsUOA</subfield>
  </datafield>
  <datafield tag="041" ind1=" " ind2=" ">
    <subfield code="a">rus</subfield>
    <subfield code="a">eng</subfield>
  </datafield>
  <datafield tag="080" ind1=" " ind2=" ">
    <subfield code="a">61</subfield>
  </datafield>
  <datafield tag="090" ind1=" " ind2=" ">
    <subfield code="a">61</subfield>
    <subfield code="b">&#x417;-33</subfield>
  </datafield>
  <datafield tag="099" ind1=" " ind2=" ">
    <subfield code="a">90253</subfield>
  </datafield>
  <datafield tag="110" ind1=" " ind2=" ">
    <subfield code="a">&#x417;&#x430;&#x43F;&#x43E;&#x440;&#x43E;&#x436;&#x441;&#x43A;&#x438;&#x439; &#x433;&#x43E;&#x441;&#x443;&#x434;&#x430;&#x440;&#x441;&#x442;&#x432;&#x435;&#x43D;&#x43D;&#x44B;&#x439; &#x43C;&#x435;&#x434;&#x438;&#x446;&#x438;&#x43D;&#x441;&#x43A;&#x438;&#x439; &#x443;&#x43D;&#x438;&#x432;&#x435;&#x440;&#x441;&#x438;&#x442;&#x435;&#x442;</subfield>
  </datafield>
  <datafield tag="245" ind1=" " ind2=" ">
    <subfield code="a">&#x417;&#x430;&#x43F;&#x43E;&#x440;&#x43E;&#x436;&#x441;&#x43A;&#x438;&#x439; &#x43C;&#x435;&#x434;&#x438;&#x446;&#x438;&#x43D;&#x441;&#x43A;&#x438;&#x439; &#x436;&#x443;&#x440;&#x43D;&#x430;&#x43B;</subfield>
    <subfield code="b">&#x43D;&#x430;&#x443;&#x447;&#x43D;&#x43E;-&#x43F;&#x440;&#x430;&#x43A;&#x442;&#x438;&#x447;&#x435;&#x441;&#x43A;&#x438;&#x439; &#x436;&#x443;&#x440;&#x43D;&#x430;&#x43B;</subfield>
    <subfield code="c">&#x433;&#x43B;&#x430;&#x432;. &#x440;&#x435;&#x434;. &#x43F;&#x440;&#x43E;&#x444;. &#x41A;&#x43E;&#x43B;&#x435;&#x441;&#x43D;&#x438;&#x43A; &#x42E;. &#x41C;.</subfield>
  </datafield>
  <datafield tag="246" ind1=" " ind2=" ">
    <subfield code="a">Zaporozhye Medical Journal</subfield>
  </datafield>
  <datafield tag="260" ind1=" " ind2=" ">
    <subfield code="a">&#x417;&#x430;&#x43F;&#x43E;&#x440;&#x43E;&#x436;&#x44C;&#x435;</subfield>
    <subfield code="c">1999</subfield>
  </datafield>
  <datafield tag="310" ind1=" " ind2=" ">
    <subfield code="a">&#x43E;&#x434;&#x438;&#x43D; &#x440;&#x430;&#x437; &#x43D;&#x430; &#x434;&#x432;&#x430; &#x43C;&#x456;&#x441;&#x44F;&#x446;&#x456;</subfield>
  </datafield>
  <datafield tag="505" ind1=" " ind2=" ">
    <subfield code="a">&#x41D;&#x430;&#x443;&#x447;&#x43D;&#x43E;-&#x43F;&#x440;&#x430;&#x43A;&#x442;&#x438;&#x447;&#x435;&#x441;&#x43A;&#x438;&#x439; &#x436;&#x443;&#x440;&#x43D;&#x430;&#x43B;. &#x41E;&#x442;&#x440;&#x430;&#x441;&#x43B;&#x44C;: &#x43C;&#x435;&#x434;&#x438;&#x446;&#x438;&#x43D;&#x430; &#x438; &#x444;&#x430;&#x440;&#x43C;&#x430;&#x446;&#x438;&#x44F;. &#x418;&#x437;&#x434;&#x430;&#x435;&#x442;&#x441;&#x44F; &#x417;&#x430;&#x43F;&#x43E;&#x440;&#x43E;&#x436;&#x441;&#x43A;&#x438;&#x43C; &#x433;&#x43E;&#x441;&#x443;&#x434;&#x430;&#x440;&#x441;&#x442;&#x432;&#x435;&#x43D;&#x43D;&#x44B;&#x43C; &#x43C;&#x435;&#x434;&#x438;&#x446;&#x438;&#x43D;&#x441;&#x43A;&#x438;&#x43C; &#x443;&#x43D;&#x438;&#x432;&#x435;&#x440;&#x441;&#x438;&#x442;&#x435;&#x442;&#x43E;&#x43C; &#x441; 1999 &#x433;&#x43E;&#x434;&#x430;.</subfield>
  </datafield>
  <datafield tag="650" ind1=" " ind2=" ">
    <subfield code="2">UDC</subfield>
    <subfield code="a">61 &#x41C;&#x435;&#x434;&#x438;&#x447;&#x43D;&#x456; &#x43D;&#x430;&#x443;&#x43A;&#x438;</subfield>
  </datafield>
  <datafield tag="856" ind1="4" ind2="0">
    <subfield code="u">http://zmj.zsmu.edu.ua/</subfield>
  </datafield>
  <datafield tag="942" ind1=" " ind2=" ">
    <subfield code="2">udc</subfield>
    <subfield code="c">MG</subfield>
    <subfield code="s">1</subfield>
  </datafield>
  <datafield tag="955" ind1=" " ind2=" ">
    <subfield code="a">1</subfield>
  </datafield>
  <datafield tag="962" ind1=" " ind2=" ">
    <subfield code="d">1999</subfield>
  </datafield>
  <datafield tag="999" ind1=" " ind2=" ">
    <subfield code="c">458526</subfield>
    <subfield code="d">458526</subfield>
  </datafield>
  <datafield tag="952" ind1=" " ind2=" ">
    <subfield code="0">0</subfield>
    <subfield code="1">0</subfield>
    <subfield code="2">udc</subfield>
    <subfield code="4">0</subfield>
    <subfield code="7">0</subfield>
    <subfield code="a">103</subfield>
    <subfield code="b">103</subfield>
    <subfield code="d">2020-03-20</subfield>
    <subfield code="h">Vol 22, No1 (118)</subfield>
    <subfield code="l">0</subfield>
    <subfield code="o">61 &#x417;-33</subfield>
    <subfield code="p">5150386</subfield>
    <subfield code="r">2020-03-20 00:00:00</subfield>
    <subfield code="u">http://zmj.zsmu.edu.ua/issue/view/11828</subfield>
    <subfield code="w">2020-03-20</subfield>
    <subfield code="y">MGN</subfield>
  </datafield>
  <datafield tag="952" ind1=" " ind2=" ">
    <subfield code="0">0</subfield>
    <subfield code="1">0</subfield>
    <subfield code="2">udc</subfield>
    <subfield code="4">0</subfield>
    <subfield code="7">0</subfield>
    <subfield code="a">103</subfield>
    <subfield code="b">103</subfield>
    <subfield code="d">2020-05-12</subfield>
    <subfield code="h">Vol 22, No 2 (119)</subfield>
    <subfield code="l">0</subfield>
    <subfield code="o">61 &#x417;-33</subfield>
    <subfield code="p">216217300</subfield>
    <subfield code="r">2020-05-12 00:00:00</subfield>
    <subfield code="u">http://zmj.zsmu.edu.ua/</subfield>
    <subfield code="w">2020-05-12</subfield>
    <subfield code="y">MGN</subfield>
  </datafield>
  <datafield tag="952" ind1=" " ind2=" ">
    <subfield code="0">0</subfield>
    <subfield code="1">0</subfield>
    <subfield code="2">udc</subfield>
    <subfield code="4">0</subfield>
    <subfield code="7">0</subfield>
    <subfield code="a">103</subfield>
    <subfield code="b">103</subfield>
    <subfield code="d">2020-11-06</subfield>
    <subfield code="h">Vol 22, No 3 (120)</subfield>
    <subfield code="l">0</subfield>
    <subfield code="o">61 &#x417;-33</subfield>
    <subfield code="p">216219616</subfield>
    <subfield code="r">2020-11-06 00:00:00</subfield>
    <subfield code="u">http://zmj.zsmu.edu.ua/issue/view/12396</subfield>
    <subfield code="w">2020-11-06</subfield>
    <subfield code="y">MGN</subfield>
  </datafield>
  <datafield tag="952" ind1=" " ind2=" ">
    <subfield code="0">0</subfield>
    <subfield code="1">0</subfield>
    <subfield code="2">udc</subfield>
    <subfield code="4">0</subfield>
    <subfield code="7">0</subfield>
    <subfield code="a">103</subfield>
    <subfield code="b">103</subfield>
    <subfield code="d">2020-11-06</subfield>
    <subfield code="h">Vol 22, No 4 (121)</subfield>
    <subfield code="l">0</subfield>
    <subfield code="o">61 &#x417;-33</subfield>
    <subfield code="p">216219617</subfield>
    <subfield code="r">2020-11-06 00:00:00</subfield>
    <subfield code="u">http://zmj.zsmu.edu.ua/issue/view/12685</subfield>
    <subfield code="w">2020-11-06</subfield>
    <subfield code="y">MGN</subfield>
  </datafield>
  <datafield tag="952" ind1=" " ind2=" ">
    <subfield code="0">0</subfield>
    <subfield code="1">0</subfield>
    <subfield code="2">udc</subfield>
    <subfield code="4">0</subfield>
    <subfield code="7">0</subfield>
    <subfield code="a">103</subfield>
    <subfield code="b">103</subfield>
    <subfield code="d">2020-11-24</subfield>
    <subfield code="h">Vol 22, No 5</subfield>
    <subfield code="l">0</subfield>
    <subfield code="o">61 &#x417;-33</subfield>
    <subfield code="p">216219722</subfield>
    <subfield code="r">2020-11-24 00:00:00</subfield>
    <subfield code="u">http://zmj.zsmu.edu.ua/issue/view/13009</subfield>
    <subfield code="w">2020-11-24</subfield>
    <subfield code="y">MGN</subfield>
  </datafield>
  <datafield tag="952" ind1=" " ind2=" ">
    <subfield code="0">0</subfield>
    <subfield code="1">0</subfield>
    <subfield code="2">udc</subfield>
    <subfield code="4">0</subfield>
    <subfield code="7">0</subfield>
    <subfield code="a">103</subfield>
    <subfield code="b">103</subfield>
    <subfield code="d">2021-01-11</subfield>
    <subfield code="h">Vol 22, No 6</subfield>
    <subfield code="l">0</subfield>
    <subfield code="o">61 &#x417;-33</subfield>
    <subfield code="p">216219976</subfield>
    <subfield code="r">2021-01-11 00:00:00</subfield>
    <subfield code="u">http://zmj.zsmu.edu.ua/issue/view/13237</subfield>
    <subfield code="w">2021-01-11</subfield>
    <subfield code="y">MGN</subfield>
  </datafield>
</record>
